LEADER 01035nam a2200205 i 4500 001 000000031755 003 CaOOAMICUS 005 20221130145742.0 008 180830s2014 ne u000 u lat u 040 $aSeMil$bita 100 0 $aGerardus : Cameracensis,$d.$0(OLS)http://semarc/name/14629 245 10$aGerardi Cameracensis Opera. 260 $aTurnhout :$bBrepols,$c2014- 300 $av. ;$c26 cm. 490 1 $aCorpus Christianorum. Continuatio Mediaevalis 774 0 $aGerardus : Cameracensis $tGerardi Cameracensis Acta synodi Atrebatensis ; Vita Autberti ; Vita tertia Gaugerici ; Varia scripta ex officina Gerardi exstantia.$dTurnhout : Brepols, 2014.$kCorpus Christianorum. Continuatio Mediaevalis$z978-2-503-55255-2$w()240843 830 0$aCorpus Christianorum. Continuatio Mediaevalis.$0(OLS)http://semarc/title/35 996 $6245$aGerardi Cameracensis Opera$9(OLS)http://semarc/title/43078 996 $6260$aTurnhout :$bBrepols$9(OLS)http://semarc/publisher/29626 LEADER 00984nam a2200193 i 4500 001 000000070711 003 CaOOAMICUS 005 20230302125252.0 008 131122s1770 fr u000 u fre u 026 $aS.U, urn- X.r. trl' (3) 1770 (R) 040 $aSeMil$bita 245 10$aTome 1. 300 $axxvi, [2], 431, [1] p. 500 $aSegn.: a8 b6 A-2D8 (2D8v bianca). 773 0 $aBonnet, Charles <1720-1793>$tPalingénésie philosophique, ou Idées sur l'état passé et sur l'état futur des êtres vivans. Ouvrage destiné à servir de supplément aux derniers écrits de l'auteur, et qui contient principalement le précis de ses recherches sur le christianisme. Par C. Bonnet, de diverses Académies. Tome 1. [-2.].$dA Geneve, & se vend; a Lyon : Chez Jean-Marie Bruyset, 1770.$g1$w()28052 850 $aSeMil 852 $aSeMil$W1$xVenegono$y1$m2P III 83 FA$j36864$B36864$CSeMilBibl$Z2$F36867 $8I 996 $6245$aTome 1$9(OLS)http://semarc/title/1447